| 000 | 01099nam a2200325 i 4500 | ||
|---|---|---|---|
| 001 | 8419 | ||
| 003 | KOSZ 005 | ||
| 005 | 20200630132818.0 | ||
| 008 | 070620s1969 pl a f 000 0 pol | ||
| 015 | _aPB 1969/2851 | ||
| 040 |
_aWA N _cWA N _dKOSZ 005/RW _dKOSZ 005/HR |
||
| 046 | _k1969 | ||
| 080 | _a621.3 | ||
| 080 | _a(076) | ||
| 100 | 1 |
_aCiechanowicz, Piotr _d(1904-1970). _eAutor. |
|
| 245 | 1 | 0 |
_aZbiór zadań z elektrotechniki teoretycznej / _cPiotr Ciechanowicz, Jerzy Dziedzic. |
| 260 |
_aWarszawa : _bPaństwowe Wydawnictwo Naukowe, _c1969. |
||
| 300 |
_a461, [2] s. : _bil. ; _c24 cm. |
||
| 380 | _aKsiążki. | ||
| 380 | _aPublikacje dydaktyczne | ||
| 388 | _a1901-2000 | ||
| 504 | _aBibliogr. s. [455]. | ||
| 658 | _aInżynieria i technika | ||
| 655 | 4 | _aĆwiczenia i zadania | |
| 650 | 4 | _aElektrotechnika | |
| 700 | 1 |
_aDziedzic, Jerzy _c(elektrotechnik). _eAutor |
|
| 710 | 2 |
_aPaństwowe Wydawnictwo Naukowe _4pbl. |
|
| 856 |
_uhttp://koha.tu.koszalin.pl/cgi-bin/koha/opac-detail.pl?biblionumber=8419 _yKatalog online BPK |
||
| 942 |
_2UKD _cKS |
||
| 999 |
_c8419 _d8419 |
||